Experimental Organic Chemistry : Principles and Practice /

Gespeichert in:
Bibliographische Detailangaben
Hauptverfasser: Harwood, Laurence M. (Verfasst von), Moody, Christopher J. (Verfasst von)
Format: Buch
Sprache:Englisch
Veröffentlicht: Oxford : Blackwell Scientific, 1989
Tags: Tag hinzufügen
Keine Tags, Fügen Sie das erste Tag hinzu!

MARC

LEADER 00000nam a22000003a 4500
001 stu17072
005 20150617225758.2
008 ------s1989----uk------------------eng-d
020 |a 0-632-02016-4 
040 |a STU  |b slo 
041 0 |a eng 
044 |a uk 
080 |a 547.1 
100 1 |a Harwood, Laurence M.  |4 aut 
245 1 |a Experimental Organic Chemistry :  |b Principles and Practice /  |c [aut.]Harwood,Laurence, Moody,Christopher 
260 |a Oxford :  |b Blackwell Scientific,  |c 1989 
300 |a 778 s :  |b Tab.,grafy,index 
700 1 |a Moody, Christopher J.  |4 aut 
996 |b C87371  |c C*87371  |l CCIV  |s P  |a 0  |w stu17072_0001